000 00860nam a2200241 a 4500
001 24810
003 CO-ViMGA
005 20230915232019.0
008 141112s2004 ck r 000 u spa d
020 _a9786077073864
040 _aCO-ViMGA
_bspa
_cCO-ViMGA
041 _aspa
082 0 4 _a005.3 P15m
100 1 _aPallerola Comamala, Joan.
_937066
245 1 0 _aLas macros en excel 2010 :
_bválidas desde la versión 2003 a la 2010 /
_cJoan Pallerola Comamala.
250 _a2a. ed.
260 _aMéxico :
_bAlfaomega :
_bRa - Ma,
_c2012.
300 _a314 p. : il. ; 23 cm.
500 _aIncluye índice.
650 1 4 _aExcel 2010 (Programa para computador)
_937067
852 _11.669.74
942 _2ddc
_cBK
999 _c32612
_d32612